Les traités (Record no. 81190)

MARC details
000 -LEADER
campo de control de longitud fija 00740nam a2200217 i 4500
001 - NÚMERO DE CONTROL
campo de control 81190
003 - IDENTIFICADOR DE NÚMERO DE CONTROL
campo de control ES-MaACL
005 - FECHA Y HORA DE LA ÚLTIMA TRANSACCIÓN
campo de control 20230906174403.0
007 - CAMPO FIJO DE DESCRIPCIÓN FÍSICA--INFORMACIÓN GENERAL
campo de control de longitud fija t|
008 - DATOS DE LONGITUD FIJA--INFORMACIÓN GENERAL
campo de control de longitud fija 171018s1921 fr ||||1| fre d
100 1# - ENTRADA PRINCIPAL--NOMBRE DE PERSONA
Nombre de persona Pevet, A.
9 (RLIN) 163718
245 14 - MENCIÓN DEL TÍTULO
Título Les traités
Resto del título : ce qu'étaient les différents systèmes d'alliances au jour de la déclaration de guerre /
Mención de responsabilidad, etc. A. Pevet.
260 ## - PUBLICACIÓN, DISTRIBUCIÓN, ETC.
Lugar de publicación, distribución, etc. Paris :
Nombre del editor, distribuidor, etc. Clarté,
Fecha de publicación, distribución, etc. 1921.
300 ## - DESCRIPCIÓN FÍSICA
Extensión 40 p. ;
Dimensiones 18 cm.
490 1# - MENCIÓN DE SERIE
Mención de serie Conférences Clarté ;
Designación de volumen o secuencia Cahier nº 3
500 ## - NOTA GENERAL
Nota general Conférence donnée le 25 février 1921, Paris.
650 #4 - PUNTO DE ACCESO ADICIONAL DE MATERIA--TÉRMINO DE MATERIA
Término de materia o nombre geográfico como elemento de entrada Tratados internacionales-
Subdivisión geográfica Francia.
9 (RLIN) 163719
830 0# - PUNTO DE ACCESO ADICIONAL DE SERIE-TÍTULO UNIFORME
Título uniforme Conférences Clarté ;
Designación de volumen o secuencia Cahier nº 3
9 (RLIN) 182101
852 ## - LOCALIZACIÓN
Ubicación ES-MaACL
Número de control de estantería F-2709(3)
Holdings
Estatus retirado Estado de pérdida Estado de daño No para préstamo Biblioteca de origen Biblioteca actual Ubicación en estantería Fecha de adquisición Fuente de adquisición Total de préstamos Signatura topográfica completa Código de barras Visto por última vez Precio de reemplazo Tipo de ítem Koha
        Biblioteca del Ateneo de Madrid Biblioteca del Ateneo de Madrid Depósito 2 18/10/2017     F-2709(3) 1198026 23/02/2023 23/02/2023 Libro impreso